Social engineering ; a record of things done by American industrialists employing upwards of one and one-half million of people /

Bibliographic Details
Main Author: Tolman, William H. (William Howe), 1861-
Format: Book
Language:English
Published: New York : McGraw publishing company, 1909.
Subjects:

MARC

Tag First Indicator Second Indicator Subfields
LEADER 00000cam a2200000 4500
001 in00000055483
005 20151008052237.0
008 730411s1909 nyu 00000 eng u
010 |a  09006279  
035 |a (OCoLC)00601563 
035 |9 AAH2417AM 
040 |c KSU  |d TXA  |d UtOrBLW 
049 |a TXAM  |c 2 [22476] 
050 0 |a HD7261  |b .T6 1909 
092 |a 331.8  |b T652s 
100 1 |a Tolman, William H.  |q (William Howe),  |d 1861- 
245 1 0 |a Social engineering ;  |b a record of things done by American industrialists employing upwards of one and one-half million of people /  |c by William H. Tolman ... with an introduction by Andrew Carnegie. 
264 1 |a New York :  |b McGraw publishing company,  |c 1909. 
300 |a viii, 384 pages :  |b illustrations ;  |c 25 cm. 
336 |a text  |b txt  |2 rdacontent 
337 |a unmediated  |b n  |2 rdamedia 
338 |a volume  |b nc  |2 rdacarrier 
650 0 |a Industrial welfare. 
650 0 |a Cooperation. 
999 |a MARS 
999 f f |s a181b76c-cd6c-3200-83d7-ac4022c0befa  |i a8f58292-14a6-326c-8a71-34588abc14c5  |t 0 
952 f f |p ric  |a Texas A&M University  |b Rellis Campus  |c Joint Library Facility  |d Remote Storage  |t 0  |e HD7261 .T6 1909  |h Library of Congress classification  |i unmediated -- volume  |m A14800721506 
998 f f |a HD7261 .T6 1909  |t 0  |l Remote Storage